000
00321nam a22001217a 4500
008
180512b xxu||||| |||| 00| 0 eng d
041
_a
eng
080
_a
043.3
100
_a
0
101
_a
SHKI-MA
245
_a
Avancimi ne Pune dhe Funksion te Index-ave ndere Versione te MS SQL Serverit
_c
Sverku, A
942
_2
udc
_c
BK
999
_c
45711
_d
45711